Candidats de la saison 14 de danse avec les stars - Statistiques

Statistiques générales
  • Ce quiz a été pris 112 fois
  • Le résultat moyen est 9 sur 12
Statistiques - réponses
Hint Réponse % Correct
Nageur français Florent Manaudou
94%
Footballeur Adil Rami
93%
Miss France 2024 Ève Gilles
89%
Footballeur international Franck Lebœuf
80%
Chanteur français révélé par le titre petit génie Jungeli
80%
Commentateur sportif et journaliste Nelson Monfort
80%
Aventurier de koh-lanta et chauffeur de Maitre Claude Dartois
78%
Présentatrice télé Sophie Davant
75%
Chanteuse révélée par la star academy 11 Lénie Vacher
65%
Actrice Charlotte de Turckheim
60%
Chanteuse Julie Zenatti
60%
Actrice atteinte de trisomie 21 Mayane Sarah El baz
26%
Aucun quiz correspondant
Distribution des résultats
% des personnes avec chaque résultat
Percentile par nombre de réponses
Votre historique - résultats
Vous n’avez pas pris ce quiz